[Event "EU-Cup 32nd"]
[Site "Novi Sad"]
[Date "2016.11.10"]
[Round "5.2"]
[White "Dominguez Perez, Leinier"]
[Black "Andreikin, Dmitry"]
[Result "0-1"]
[WhiteElo "2752"]
[BlackElo "2736"]
[Annotator "Andreikin,D"]
[PlyCount "90"]
[EventDate "2016.11.06"]
[EventType "team-swiss"]
[EventRounds "7"]
[EventCountry "SRB"]
[SourceTitle "CBM 176"]
[Source "ChessBase"]
[SourceDate "2017.01.17"]
[SourceVersion "1"]
[SourceVersionDate "2017.01.17"]
[SourceQuality "1"]
[WhiteTeam "Mednyi Vsadnik"]
[BlackTeam "Alkaloid"]
[WhiteTeamCountry "RUS"]
[BlackTeamCountry "MKD"]

{Dominguez is one of my favourite opponents. Before this one we had played 9
classical games. If our fights do not end with an agreement on a draw at the
10th move, then usually there is a long, tense fight with a conclusive, often
dramatic end. So it was time for a jubilee battle.} 1. e4 e5 2. Nf3 Nc6 3. d4 {
Big surprise. I could be wrong, but according to my database Leinier was
playing this move for the first time.} exd4 4. Nxd4 Bc5 5. Nb3 {A reasonable
choice. In the case of other continuations - 5.Nxc6 and 5.Be3 - White needs to
know much more.} Bb6 6. Nc3 Nf6 {The pawn move looks more reliable:} (6... d6 {
White has a lot of continuations in this position. After} 7. Qe2 Nf6 8. Bg5 h6
9. Bh4 g5 10. Bg3 Qe7 11. h4 Rg8 12. hxg5 hxg5 13. O-O-O Be6 $11 {we have a
position from the old game Rublevsky-Grischuk, Elista 2007, which I remember
when studying this opening many years ago.}) 7. Bg5 h6 8. Bh4 d6 {I made this
move quickly, hoping to get the position from the aforementioned game. It was
possible to think about concrete actions after:} (8... O-O 9. Bd3 g5 10. Bg3 d5
$1 {Black is ok! For lovers of beautiful draws:} 11. exd5 Bg4 12. f3 Re8+ 13.
Kf1 Nb4 14. fxg4 Nfxd5 15. Nxd5 (15. Bf2 Ne3+ 16. Bxe3 Rxe3 17. Bf5 Qf6 18. a3
Rd8 19. axb4 Rxd1+ 20. Rxd1 Qc6 21. Nc5 Bxc5 22. bxc5 Qxc5 23. h4 Qc4+ 24. Kf2
Qf4+ 25. Kg1 Qe5 26. hxg5 Re1+ 27. Rxe1 Qxe1+ 28. Kh2 Qh4+ 29. Kg1 Qe1+ 30. Kh2
$11) 15... Nxd5 16. Bf2 Bxf2 17. Kxf2 Qf6+ 18. Qf3 Qb6+ 19. Kf1 Ne3+ 20. Ke2
Nxc2+ 21. Kd2 Re3 $1 22. Qf5 Nxa1 23. Qh7+ Kf8 24. Qh8+ Ke7 25. Qxa8 Nxb3+ 26.
axb3 Qd4 27. Kc1 $11 {strange, but it is a dynamic balance.}) 9. f3 $5 $146 {
I think this is a very good novelty. Earlier, White played 9.Bd3 and 9.Bb5.
Now I understood that the white queen is still on d1 and this is another
position because White has the important resource Bb5.} g5 {Having thought for
about 20 minutes, I decided to go into a known structure with a small
concession.} ({The computer offers a funny idea:} 9... O-O 10. Qe2 Nd4 11. Qd3
Nc6 $5 {Now after 12.0-0-0 the black knight goes to g6 with tempo.
Alternatively:} 12. Nd5 g5 13. Nxb6 axb6 14. Bg3 Qe7 15. h4 Nh5 16. Bf2 g4 17.
a3 f5 $5 $132 {a fun position with mutual chances.}) 10. Bg3 a6 $5 {This is my
concession. I do not want to concede a 'hook' on the queenside, besides it
costs a tempo, but in the version:} (10... Be6 $6 11. Bb5 a6 12. Bxc6+ bxc6 13.
Qd2 $14 {White has easy play, and the fate of the black king is still unclear.}
) 11. Qd2 Qe7 $6 ({It was necessary to start with} 11... Be6 $5 {and after} 12.
h4 $6 Nh5 13. Bf2 Bxf2+ 14. Qxf2 {put the queen on an active position in one
move:} Qf6 $1 $11) 12. O-O-O $6 {The return inaccuracy. Energetic play would
allow him to create problems for Black:} (12. h4 $1 Rg8 (12... g4 $6 13. h5
gxf3 14. gxf3 Be6 15. Bh4 $16) 13. hxg5 hxg5 14. O-O-O Be6 15. Na4 Ba7 16. Na5
$1 {with a dangerous initiative on both flanks.}) 12... Be6 13. h4 $6 {This
move finally loses the advantage and gives an opportunity for counterplay on
the kingside.} ({He should play the simpler:} 13. Bf2 $5 Bxf2 14. Qxf2 Bxb3 15.
axb3 O-O-O 16. Nd5 Qe5 17. Bc4 {White has a pleasant position.}) 13... O-O-O {
A small tactical trick.} 14. Kb1 {White can win material only for a short time:
} (14. hxg5 hxg5 15. Rxh8 Rxh8 16. Qxg5 Nxe4 $1 17. Qxe7 (17. Nxe4 Qxg5+ 18.
Nxg5 Be3+ 19. Kb1 Bxg5 $11) 17... Be3+ 18. Nd2 Nxd2 {the white queen is in a
trap.} 19. Nd5 $5 (19. Qxe6+ $2 fxe6 20. Rxd2 Rh1 $19) 19... Nxf1+ 20. Nxe3
Nxe7 21. Rxf1 $11) 14... Nd7 {I like this move. The knight takes a
multi-functional position.} ({The computer recommends:} 14... Nh5 $5 15. Bf2
Bxf2 16. Qxf2 Qf6 17. Nd5 Qg7 {saying that Black is fine. But for chess
players with a heart the king on c8 looks too lonely. The g1-a7 and f1-a6
diagonals obviously did not inspire optimism in him.}) 15. Bf2 $6 {This move
is clearly directed at simplification.} ({An interesting try was} 15. Nd5 Bxd5
16. exd5 Nce5 17. Nd4 Qf6 18. h5 $5 Rde8 19. c3 $5 {the black pieces are
arranged so well that it is not completely clear whether there is a further
plan for improvement, while White still has some resources. Perhaps in
manoeuvring game White's chances are a little higher.}) 15... Qf6 {The queen
takes an optimal position and gives up the e7-square for the knight.} 16. Bxb6
Nxb6 17. Qf2 ({After} 17. Nd5 $6 Bxd5 18. exd5 Ne7 19. hxg5 hxg5 20. Rxh8 Rxh8
21. c4 Nd7 {the black knights are ready to start operations. Black's position
is better.}) 17... Kb8 {A useful prophylactic move. Obviously, Black is fine.}
18. Be2 Rhg8 {Do not hang about since the white rooks will occupy the h-file.}
19. hxg5 hxg5 20. Nd4 {The exchange of this knight seems to be quite
reasonable.} Nxd4 21. Rxd4 {If White is thinking about a draw, then the
exchange of queens now is most logical.} (21. Qxd4 Qxd4 22. Rxd4 Rh8 23. Rdd1
$11) 21... Qe5 {I could simplify the game immediately, but did not see any
reason to do so.} (21... d5 22. exd5 Nxd5 23. Nxd5 Bxd5 24. Rhd1 Bc6 25. Rxd8+
Rxd8 26. Rxd8+ Qxd8 $11) 22. Rhd1 {The computer does not like this move, I
think it looks quite natural. Keeping the h-file was solid.} (22. Rdd1 Rh8 23.
Bd3 $11) 22... Rh8 23. R4d2 $6 {This move looks a bit strange and passive
together with the previous one. In the spirit of the position, there was the
transfer of the rook to b4.} (23. a3 $5 Rh2 24. Rb4 Rdh8 25. Bf1 (25. Bxa6 $2
Qc5 $1 $17) 25... Qc5 26. Rbd4 Nd7 27. Na4 Qe5 28. Qd2 {White keeps active
ideas on the queenside, but the black pieces are located better.}) 23... Rh2
$15 {The first advance into the opponent's half of the board. The white
position is still normal, but a psychological and time advantage were already
on my side.} 24. Bf1 Rh1 {Black has many options, but the evaluation does not
change radically.} (24... Nd7 $5 25. Ne2 Rdh8 26. Nd4 Nc5 $15) 25. Qe3 ({
Perhaps White should try to exchange a pair of rooks right now:} 25. Be2 $5
Rdh8 26. Rxh1 Rxh1+ 27. Rd1 Rh2 $15) 25... Rdh8 26. Be2 $2 {The first sizeable
mistake. It was possible to move back with the queen.} Qg3 {Now the pawns
g2-f3-e4 are vulnerable.} 27. b3 {A window for the king and control of the
c4-square - a very practical solution in time trouble.} Nd7 {Systematic
improvement of a piece. I did not see any reason to change the character of
the game:} (27... Rxd1+ 28. Nxd1 Rh1 29. Kb2 Qxg2 30. Bxa6 Qg3 31. Be2 Nd7 32.
Nc3 Qe5 33. a4 {the white pawns are slightly broken, but now the black king
feels less comfortable.}) 28. Bf1 Qe5 29. Ne2 Nf6 (29... Nc5 $5 30. Qc3 f6 $15)
30. Nd4 $2 {The second serious mistake of White in this game. After the
exchange of queens the position remained very reliable:} (30. Qd4 $5 g4 31. Kb2
Qxd4+ 32. Nxd4 R8h2 33. e5 $5 dxe5 34. Nxe6 fxe6 35. fxg4 Nxg4 36. Be2 Rxd1 37.
Bxd1 Nf6 38. Rf2 Ne4 39. Rf8+ Ka7 40. Rg8 {with good chances for a draw.})
30... Nd5 {Now I have various tactical motifs. Another problem: I started to
spend too much time thinking about different possibilities.} 31. Qd3 Nf4 32.
Qe3 (32. Qc3 Bd7 33. Ne2 f6 $17 {the structure of the position has not changed,
but the black pieces are located optimally.}) 32... Nd5 33. Qd3 Nf4 34. Qe3
R8h2 {I wanted to include the second rook in a horizontal attack.} ({Another
strong possibility was} 34... f5 $5 35. Nxe6 Nxe6 36. Qe1 fxe4 37. Qxe4 Qxe4
38. fxe4 Nc5 39. Bd3 R8h4 40. Rxh1 Rxh1+ 41. Kb2 Re1 42. Rf2 Re3 $5 $15 {
Only Black can play for a win.}) 35. g3 $6 {Most likely it is this blunder
which brings about my 39th and 40th moves. White should go for the
complications, but it is not easy in time trouble.} (35. Bxa6 $1 c5 $5 {
I was planning to make the move during the game, but could not calculate the
line to the end.} 36. Nxe6 fxe6 37. Bc4 (37. Bf1 $2 Nd5 $19) 37... Nxg2 {
Here I finished the calculation, thinking that Black holds a dangerous
initiative. However, further analysis shows that White is ok:} 38. Qd3 d5 (
38... g4 $5 39. fxg4 d5 40. Rxg2 Rxd1+ 41. Qxd1 Rxg2 42. Qf1 $1 Rxg4 43. Qf8+
Kc7 44. Qxc5+ Kb8 45. Qf8+ Kc7 $11) 39. Rxh1 $1 {the only, but a sufficient
move.} Rxh1+ 40. Rd1 Rxd1+ 41. Qxd1 Qc3 42. exd5 Ne3 43. Qc1 exd5 44. Bd3 d4
45. a3 $11 {in this case the legendary pair of queen + knight does not promise
success.}) 35... Nd5 {Now the black knight starts out on another route.} 36.
Qd3 Nb4 37. Qe3 Nd5 38. Qd3 Nb4 39. Qe3 Qa5 $1 {The repetition of moves a few
times gave me the necessary time for the final calculation of a little
combination.} 40. a4 {The only defence, otherwise White loses two pawns by
force:} (40. c3 $2 Nxa2 41. Kb2 Nxc3 $1 42. Qxc3 Rxd2+ 43. Qxd2 Qxd2+ 44. Rxd2
Rxf1 $19) 40... Nd5 $1 $17 {The black knight spent a lot of time on the
d5-square and now sacrifices itself on this position.} 41. exd5 Rxd2 42. Rxd2
Rxf1+ 43. Ka2 $2 {The crucial mistake after much thought. I think White's
position was already lost, but it is still possible to defend. For example,
Stockfish is hoping for a rook endgame:} (43. Kb2 Qxd5 44. Qe2 Rh1 45. Nxe6
Qxe6 46. Qxe6 fxe6 47. Rd4 Rf1 48. Rg4 Rxf3 49. Rxg5 $17) 43... Bxd5 {Suddenly,
White loses one more pawn. Black is threatening to take on a4 and f3.} 44. Kb2
(44. c4 Bxc4 $19) (44. Qe8+ Ka7 45. Nb5+ axb5 46. Rxd5 Qc3 $19) 44... Bxf3 $19
{The black pieces are scattered over the board, but certain nuances remain. I
always have the move Qa5-e5... this is important.} 45. Qd3 ({Going into a
queen ending also leaves no chance for salvation:} 45. Nxf3 Rxf3 46. Qxf3 Qxd2
47. Qxf7 Qe3 $1 48. Qf6 Qxg3 49. Qd8+ Ka7 50. Qxc7 g4 $19 {The pawn easily
turns into a new queen.}) 45... Be4 $1 {The final touch!} 0-1

[Event "Tata Steel-A 79th"]
[Site "Wijk aan Zee"]
[Date "2017.01.29"]
[Round "13"]
[White "Andreikin, Dmitry"]
[Black "Aronian, Levon"]
[Result "1-0"]
[WhiteElo "2736"]
[BlackElo "2780"]
[Annotator "Sumets,A"]
[PlyCount "99"]
[EventDate "2017.01.14"]
[EventType "tourn"]
[EventRounds "13"]
[EventCountry "NED"]
[EventCategory "21"]
[SourceTitle "CBM 177"]
[Source "ChessBase"]
[SourceDate "2017.03.16"]
[SourceVersion "1"]
[SourceVersionDate "2017.03.16"]
[SourceQuality "1"]

1. d4 d5 2. c4 c6 3. Nf3 Nf6 4. e3 Bg4 5. h3 Bh5 ({Levon has played} 5... Bxf3
{several times.}) 6. Nc3 e6 7. g4 Bg6 8. Ne5 Nbd7 9. Nxg6 hxg6 10. a3 g5 (10...
Bd6 11. Bd2 a6 (11... Qe7 12. Qf3 g5 13. O-O-O O-O-O 14. Bd3 {1/2 (14) Roiz,M 
(2669)-Rublevsky,S (2684) Valjevo 2011} (14. Kb1 Kb8 15. Rc1 Bc7 16. Rc2 g6 17.
Bg2 a6 ({The computer recommends} 17... Nb6 $5 18. c5 Nc4 19. Bc1 e5 20. b3 Na5
$13 {It is not easy to evaluate correctly the ensuing position. Black's knight
on a5 is out of play, however it seems to me that White can't take advantage
of that fact.}) 18. Qe2 Nb6 19. c5 Nc8 20. f4 gxf4 21. exf4 $14 {Ivanchuk,V 
(2764) -Potkin,V (2642) Havana 2012 1/2 (42)}) 14... Kb8 15. Kb1 Nf8 16. e4
dxe4 17. Bxe4 Nxe4 18. Nxe4 f6 19. Ba5 $6 (19. Nxd6 Qxd6 20. h4 $1 $16) 19...
Re8 $14 {Levin,E (2512)-Zhurikhin,A (2308) St Petersburg 2013 1/2 (66)}) 12.
Bd3 b5 $6 13. c5 Bc7 14. f4 Ng8 15. Qf3 g5 16. O-O-O (16. fxg5 $5 Qxg5 17.
O-O-O Qf6 18. Qg2 $16) 16... gxf4 17. exf4 Qh4 18. Ne2 $16 {Ponomariov,R (2756)
-Morozevich, A (2739) Riga 2013 1-0 (47)}) 11. Bd2 g6 $146 {Acording to my
computer, this move is not worse than 11...Be7 and 11...Bd6, that were played
before.} (11... Be7 12. Qf3 Kf8 13. Rd1 Kg8 14. Bd3 Nb6 15. c5 Nbd7 (15... Nc4
$5 16. Bxc4 dxc4 17. O-O (17. e4 e5 $132) 17... b6 18. cxb6 axb6 19. e4 Qxd4
20. Bxg5 Qe5 $11) 16. Qg3 e5 17. dxe5 Nxc5 18. Bf5 Nfd7 19. b4 Ne6 (19... Nb3
$1 20. e6 Nxd2 21. Rxd2 Nb6 22. exf7+ Kxf7 $15) 20. Ne2 Nb6 21. O-O Nc4 $132 {
Tomashevsky,E (2710)-Eljanov,P (2683) Saratov 2011 1-0 (39)}) (11... Bd6 12.
Qf3 Qe7 13. O-O-O O-O-O 14. Kb1 Kb8 {White has many options.} 15. e4 (15. Qg2
Bc7 16. cxd5 exd5 17. Bd3 Nb6 18. Bc1 Nc8 19. f4 gxf4 20. exf4 Nd6 $11 {
Cheparinov,I (2678)-Potkin,V (2647) Khanty-Mansiysk 2013 1-0 (45)}) 15... dxe4
16. Nxe4 Nxe4 17. Qxe4 Qf6 18. Be3 Bf4 $11 {Inarkiev,E (2688)-Mamedyarov,S 
(2757) Sochi 2014 1/2 (47)}) 12. Qf3 a6 ({Black could have tried to put his
bishop on g7. In that case, after a possible move ...Nb6 White should think
twice if he wants to play c5 and b4, because it's obvious that after ...e5
Black will get a strong pressure on the d4-pawn.} 12... Bg7 13. cxd5 (13. O-O-O
Nb6 $1 14. c5 $6 Nbd7 15. Bg2 b6 16. cxb6 Qxb6 $40) (13. Bd3 Nb6 14. c5 Nbd7
15. Qg3 Qe7 (15... Qb8 $5) 16. O-O e5 17. Rae1 O-O $13) 13... exd5 14. Bd3 Nf8
15. O-O-O Ne6 16. Qg2 Qe7 17. Kb1 O-O-O $13) 13. Bd3 (13. O-O-O {seems to be a
risky alternative} b5 14. cxd5 cxd5 15. e4 b4 16. axb4 Bxb4 $132 17. e5 (17.
Bxg5 $4 Bxc3 18. bxc3 dxe4 19. Qf4 Rc8 $19) 17... Ne4 18. Nxe4 dxe4 19. Qxe4
Rb8 $44 {with excellent compensation for the pawn.}) 13... dxc4 $6 {This is a
risky plan. After ...b5 and ...c5 Black can't keep his king on the queenside;
short castling is quite dangerous as well.} (13... Be7 14. O-O dxc4 15. Bxc4
Qc7 16. Rfd1 (16. e4 $2 c5 {and White needs good advice.} 17. e5 Nxg4 18. Qxg4
cxd4 19. Qxd4 Rh4 $19) 16... Rh7 17. Rac1 O-O-O 18. b4 Rdh8 19. Bf1 $14) 14.
Bxc4 b5 $6 15. Bf1 $5 {It looks more natural to put the bishop on g2 but it
costs White a tempo.} (15. Be2 $5 c5 16. O-O Be7 17. b4 $1 cxd4 (17... cxb4 18.
axb4 Bxb4 19. Bxb5 $16) 18. exd4 Nb6 19. Bxg5 Nfd5 20. Bxe7 Qxe7 {with some
compensation for the sacrificed pawn.}) 15... c5 16. Bg2 Ra7 17. O-O Qb8 18.
Rfd1 Be7 19. b4 $1 {Dmitry's move is stronger than a routine continuation such
as} (19. Ne2 O-O 20. dxc5 Bxc5 21. Be1 Rc8 22. Rac1 $14) 19... cxb4 ({Probably
Levon should have preferred} 19... cxd4 $5 20. exd4 Nb6 21. Bxg5 Nfd5 {with
very little compensation.}) 20. axb4 {Black's position is very dangerous.} Nb6
(20... Bxb4 21. e4 {Black is in trouble, for example} O-O (21... Be7 22. Bxg5
$16) (21... Nh7 $6 22. Nxb5 $1 Qxb5 (22... Bxd2 23. Nxa7 $18) 23. Rdb1 $18) 22.
Bxg5 a5 23. Ne2 ({of course White will not grab the pawn:} 23. Nxb5 $2 Qxb5 24.
Bxf6 Nxf6 25. Qxf6 a4 $44) 23... Nh7 24. Bf4 Qb6 25. e5 Be7 26. Rac1 $16) 21.
e4 Nfd7 22. e5 Nc4 23. Bc1 O-O ({Black can't take on b4 due to} 23... Bxb4 24.
Bxg5 a5 25. Ne4 Kf8 26. d5 $1 {and Black's position is hopeless} Ncxe5 (26...
Ndxe5 27. Qf6 Kg8 28. dxe6 $18) 27. Qf4 $18) 24. Ne4 Qd8 25. h4 $1 ({White is
much better after} 25. Bf1 Ndb6 26. Nf6+ Bxf6 27. exf6 Rd7 28. Bxg5 Rxd4 {
and here let's say} 29. Be2 $16) 25... gxh4 26. Bh6 Re8 ({I think Levon should
have tried} 26... g5 $1 27. Qe2 $1 {White shouldn't take an exchange} (27. Bxf8
Nxf8 28. d5 Qb6 29. Nf6+ Kh8 30. Qe4 Ng6 $44) 27... Kh7 {Now White must take
on f8} (27... Kh8 28. f4 gxf4 29. g5 Rg8 30. Qh5 Rg6 31. Nf6) 28. Bxf8 Nxf8 29.
d5 exd5 30. Rxd5 Rd7 31. Nc3 Bxb4 32. Rxd7 Qxd7 33. Nd5 $16) 27. Qh3 ({Dmitry
could have got a winning position after} 27. Qf4 $1 {White wants to play g5
and Nf6+} Bf8 (27... Ncb6 28. g5 h3 29. Bxh3 Nd5 30. Qh4 $18) (27... f5 28.
gxf5 gxf5 (28... exf5 29. Ng5 Ndb6 30. Bc6 $18) 29. d5 $18) (27... f6 28. g5
fxg5 29. Nxg5 Bxg5 30. Bxg5 Qc8 31. Qxh4 Nf8 32. Bf6 Rh7 33. Qg3 {with a
winning position}) 28. Bxf8 Rxf8 29. Qh6 $18) 27... f5 28. gxf5 exf5 29. Nc5 $6
({White still could have got a winning position after} 29. Nc3 $1 {threatening
Nxb5} Qb8 (29... Bf8 30. Bxf8 Nxf8 31. Nxb5 Rd7 32. Rxa6 Nxe5 33. Qb3+ Kg7 (
33... Nf7 34. Ra8 Qe7 35. Rxe8 Qxe8 36. Bc6) 34. Ra8 $18) 30. Bc6 Ncb6 31. Qg2
Kh7 32. Bf4 Rc8 33. Nd5 Nxd5 34. Qxd5 Nb6 35. Qf7+ Kh8 36. Qe6 Rg8 37. d5 $18)
29... Bg5 $6 (29... Nxc5 $5 30. bxc5 $1 (30. dxc5 Rd7 31. Qb3 Rxd1+ 32. Rxd1
Qc7 33. Bf1 Kh7 34. Bf4 $14) 30... Bg5 $1 31. Bxg5 Qxg5 32. Kh1 Qf4 33. Qh2 $1
$16) 30. Bd5+ Kh7 31. Bxg5 Qxg5+ 32. Qg2 $1 {Despite his extra pawn, the
endgame which has arisen is very bad for Black.} (32. Kh1 {is not so clear.
For example} Nf8 33. Qf3 Nd2 34. Qc3 Rd8 35. Bg2 Nc4 36. d5 Qf4 $13) 32...
Qxg2+ 33. Kxg2 Ndb6 34. Bc6 $1 Rd8 35. Ne6 $1 ({Of course White shouldn't take
on b5:} 35. Bxb5 $2 Nxe5 $1 36. dxe5 Rxd1 37. Rxd1 axb5 38. e6 Kh6 $11) 35...
Rc8 36. Bxb5 Re7 37. Bxa6 $1 {The resulting endgame should be winning for
White.} (37. Bxc4 $2 Rxc4 38. Nf4 Rxb4 39. Rxa6 g5 40. Rxb6 Rxb6 41. Nd5 Rbe6
42. Nxe7 Rxe7 43. f4 gxf4 (43... g4 $4 44. d5 $18) 44. Kf3 Kg6 45. Kxf4 Re8 46.
d5 h3 47. d6 Rh8 48. e6 Kf6 49. e7 Ke6 $11) 37... Rxe6 38. Bxc8 Nxc8 39. Rdc1
N8b6 40. Ra7+ Kh6 41. Rc7 Na3 $6 {After this move Dmitry easily won the
endgame.} ({Levon should have tried} 41... Nb2 $1 42. R7c6 Rxc6 43. Rxc6 Nd5
44. b5 Na4 45. Rd6 Nab6 46. Kh2 Kg7 47. f4 Kh6 48. Kh3 Nxf4+ (48... Kh5 49. e6
Nxf4+ 50. Kh2 Nbd5 51. b6 Nxb6 52. Rxb6 $18) 49. Kxh4 Nfd5 50. Rc6 f4 51. Rd6
Kg7 52. Kg4 Kh7 53. Kf3 Kg7 54. Ke4 Kf7 55. Rxd5 Nxd5 56. Kxd5 f3 57. b6 f2 58.
b7 f1=Q 59. b8=Q {White should win the queen endgame.}) 42. R7c5 $1 Kh5 43. Rc6
$1 $18 {After trading rooks White will easily promote his pawns.} Rxc6 44. Rxc6
Nd5 (44... Nac4 45. e6) 45. Rc5 Nf4+ 46. Kh1 g5 47. b5 Nxb5 48. Rxb5 g4 49. d5
h3 50. e6 1-0

[Event "FIDE World Cup"]
[Site "Tbilisi"]
[Date "2017.09.08"]
[Round "2.6"]
[White "Matlakov, Maxim"]
[Black "Andreikin, Dmitry"]
[Result "0-1"]
[WhiteElo "2728"]
[BlackElo "2706"]
[PlyCount "98"]
[EventDate "2017.09.03"]
[EventType "k.o."]
[EventRounds "7"]
[EventCountry "GEO"]
[SourceTitle "CBM 181"]
[Source "ChessBase"]
[SourceDate "2017.11.10"]
[SourceVersion "1"]
[SourceVersionDate "2017.11.10"]
[SourceQuality "1"]

1. d4 e6 2. c4 b6 3. e4 Bb7 4. Bd3 Nc6 5. Ne2 Nb4 6. Nbc3 Nxd3+ 7. Qxd3 Ne7 8.
O-O d6 9. Be3 Qd7 10. d5 Ng6 11. f4 Be7 12. Bd4 e5 13. fxe5 dxe5 14. Be3 O-O
15. Ng3 c6 16. Nf5 Bb4 17. a3 Bxc3 18. Qxc3 cxd5 19. exd5 Rac8 20. Rad1 b5 21.
c5 Bxd5 22. Nd6 Qc6 23. Nxc8 Rxc8 24. Rf2 f6 25. Qd2 Ne7 26. Qa5 Rc7 27. Rfd2
Rd7 28. b4 Kf7 29. a4 a6 30. axb5 axb5 31. Qb6 Ke6 32. Qb8 Kf7 33. Qb6 Ke6 34.
Qb8 Nc8 35. h3 h5 36. h4 Qa6 37. Kh2 Qc6 38. Kg1 Rb7 39. Qa8 Rc7 40. Qxc6+ Bxc6
41. Rd8 Ne7 42. R1d6+ Kf5 43. Rb8 Ra7 44. Rb6 Ra1+ 45. Kh2 Be4 46. Rxb5 Nd5 47.
c6 Nxe3 48. c7 Ng4+ 49. Kh3 Kf4 0-1

[Event "RUS-ch 71st"]
[Site "Satka"]
[Date "2018.09.05"]
[Round "11"]
[White "Fedoseev, Vladimir1"]
[Black "Andreikin, Dmitry"]
[Result "0-1"]
[WhiteElo "2707"]
[BlackElo "2710"]
[PlyCount "100"]
[EventDate "2018.08.24"]
[EventType "tourn"]
[EventRounds "11"]
[EventCountry "RUS"]
[EventCategory "18"]
[SourceTitle "CBM 186"]
[Source "ChessBase"]
[SourceDate "2018.09.14"]
[SourceVersion "1"]
[SourceVersionDate "2018.09.14"]
[SourceQuality "1"]

1. d4 Nf6 2. c4 e6 3. Nf3 b6 4. a3 Bb7 5. Bf4 g6 6. Nc3 Bg7 7. e3 d6 8. Bd3
Nbd7 9. O-O O-O 10. e4 e5 11. Be3 exd4 12. Nxd4 Re8 13. f3 c6 14. Bf2 d5 15.
cxd5 cxd5 16. exd5 Nxd5 17. Nxd5 Bxd5 18. Qd2 Qf6 19. Rad1 Nc5 20. Bc2 Red8 21.
Qe3 Ne6 22. Nxe6 Bxe6 23. b4 Rac8 24. Be4 Rxd1 25. Rxd1 Rc3 26. Qd2 Rxa3 27.
Qd8+ Qxd8 28. Rxd8+ Bf8 29. Bg3 Rc3 30. Bb8 f5 31. Bd5 Bxd5 32. Bd6 Kf7 33.
Bxf8 Be6 34. Bd6 Rc8 35. Rxc8 Bxc8 36. b5 Ke8 37. Kf2 Bd7 38. Ke3 Kd8 39. Kf4
Bxb5 40. Kg5 a5 41. Kh6 Be8 42. Kxh7 Kd7 43. Bf8 b5 44. g4 fxg4 45. fxg4 b4 46.
h4 Kc6 47. h5 gxh5 48. gxh5 Bxh5 49. Kh6 Kb5 50. Kxh5 b3 0-1